Casey : (Record no. 1074)

000 -LEADER
fixed length control field 01122nam a22003377a 4500
001 - CONTROL NUMBER
control field 2471857
003 - CONTROL NUMBER IDENTIFIER
control field OSt
005 - DATE AND TIME OF LATEST TRANSACTION
control field 20210426125215.0
008 - FIXED-LENGTH DATA ELEMENTS--GENERAL INFORMATION
fixed length control field 900223s1990 nyua 001 0beng
010 ## - LIBRARY OF CONGRESS CONTROL NUMBER
LC control number 90050121
020 ## - INTERNATIONAL STANDARD BOOK NUMBER
International Standard Book Number 0670823422 :
Terms of availability $19.95
020 ## - INTERNATIONAL STANDARD BOOK NUMBER
International Standard Book Number 0140113142 (pbk.) :
Terms of availability $8.95
040 ## - CATALOGING SOURCE
Original cataloging agency DLC
Transcribing agency DLC
Modifying agency DLC
043 ## - GEOGRAPHIC AREA CODE
Geographic area code n-us---
050 00 - LIBRARY OF CONGRESS CALL NUMBER
Classification number JK468.I6
Item number P455 1990
080 ## - UNIVERSAL DECIMAL CLASSIFICATION NUMBER
Universal Decimal Classification number 92
Item number P-47
082 00 - DEWEY DECIMAL CLASSIFICATION NUMBER
Classification number 327.1273/0092
-- B
Edition number 21
100 1# - MAIN ENTRY--PERSONAL NAME
Personal name Persico, Joseph E.
245 10 - TITLE STATEMENT
Title Casey :
Remainder of title from the OSS to the CIA /
Statement of responsibility, etc. Joseph E. Persico.
260 ## - PUBLICATION, DISTRIBUTION, ETC.
Place of publication, distribution, etc. New York, N.Y., U.S.A. :
Name of publisher, distributor, etc. Viking,
Date of publication, distribution, etc. 1990.
300 ## - PHYSICAL DESCRIPTION
Extent xix, 601 p. :
Other physical details ill. ;
Dimensions 25 cm.
365 ## - TRADE PRICE
Price type code 24.95 USD
500 ## - GENERAL NOTE
General note Includes index.
600 10 - SUBJECT ADDED ENTRY--PERSONAL NAME
Personal name Casey, William J.
610 10 - SUBJECT ADDED ENTRY--CORPORATE NAME
Corporate name or jurisdiction name as entry element United States.
Subordinate unit Central Intelligence Agency.
650 #0 - SUBJECT ADDED ENTRY--TOPICAL TERM
Topical term or geographic name entry element Intelligence officers
Geographic subdivision United States
Form subdivision Biography.
653 ## - INDEX TERM--UNCONTROLLED
Uncontrolled term ბიოგრაფია
906 ## - LOCAL DATA ELEMENT F, LDF (RLIN)
a 7
b cbc
c orignew
d 1
e ocip
f 19
g y-gencatlg
942 ## - ADDED ENTRY ELEMENTS (KOHA)
Source of classification or shelving scheme
Koha item type Books
Holdings
Withdrawn status Lost status Source of classification or shelving scheme Damaged status Not for loan Permanent location Current location Date acquired Inventory number Total Checkouts Full call number Barcode Date last seen Price effective from Koha item type
          Ken Walker International University Ken Walker International University 02/01/2021 576   92 P-47 576 02/01/2021 02/01/2021 Books

Powered by Koha